000 00884nam a22002657a 4500
001 7405
003 FISKH
005 20250714092331.0
008 250714b cb ||||| |||| 00| 0 eng d
020 _a9781582348032
040 _aFISKH
_beng
_cFISKH
_dFISKH
050 _aPZ7.B6339 G
082 _a823.92
100 _aBogan, Paulette
245 _aGoodnight Lulu /
_cPaulette Bogan
260 _aNew York :
_bBloomsbury USA Children's Books,
_c2003.
300 _a34 unnumbered pages :
_bcolor illustrations ;
_c28 cm
505 _aE
520 _aWhen her mother tucks her in for the night, Lulu the chicken worries what would happen if a bear or a tiger or an alligator should come in during the night.
521 8 _a200
_bLexile estimate
521 8 _aE
_bRaz-Plus
650 _aChickens
_vFarm Animals
_xPicture Book
942 _2ddc
_cBK
_n0
999 _c7405
_d7405